| 000 | 01609nam a22003017a 4500 | ||
|---|---|---|---|
| 005 | 20091010114322.0 | ||
| 008 | 091010t xxu||||| |||| 00| 0 eng d | ||
| 010 | _aENG-95116 B-425267-268 | ||
| 020 |
_a0198066366 _c650.00 |
||
| 020 |
_a9780198063469 _c650.00 |
||
| 035 | _aEN-78649 B-425267-268 | ||
| 037 | _bDBAD/PUB | ||
| 040 |
_aDPL _bENG |
||
| 082 | _a270.91 | ||
| 100 |
_aAmir Ahmad Alawi _927321 |
||
| 245 |
_aJourney of the holy land: _cby Amir Ahmad Alawi; translated, and with an introduction by Mushirul Hasan , Rakhshand Jalil _ba pilgrims diary/ |
||
| 260 |
_aNew Delhi _bOxford University Press _c2009 |
||
| 270 |
_aYMCA Library Building , Jai Shingh Road, _bNew Delhi _e110001 |
||
| 300 |
_a271p. _c22cm.(Hb) |
||
| 500 | _a inculding glossary | ||
| 700 |
_aHasan, Mushirul _927322 |
||
| 700 |
_aJalil, Rakhshanda _927323 |
||
| 942 |
_2ddc _cEN _mAMI _h270.91 |
||
| 999 |
_c30874 _d30874 |
||